Los pasos revividos /

Guardat en:
Dades bibliogràfiques
Autor principal: Gutiérrez Vega, Hugo (autor)
Altres autors: Campos, Marco Antonio (introducción) (introducción)
Format: Llibre
Idioma:espanyol
Publicat: Madrid, España : Vaso Roto, 2013, c2013
Matèries:
Etiquetes: Afegir etiqueta
Sense etiquetes, Sigues el primer a etiquetar aquest registre!

MARC

LEADER 00000nam^a2200000^a^4500
001 000365390
005 20250521000000.0
009 20260310115642.179
020 |a 978-84-15168-78-2 
037 |a Acervo ITESO - Biblioteca 
041 |a ESP 
082 |a 861.  |b GUT 
100 |a Gutiérrez Vega, Hugo  |e (autor) 
245 1 4 |a Los pasos revividos /  |c H. Gutiérrez Vega ; [introd.] de M.A. Campos. 
264 4 |a Madrid, España :  |b Vaso Roto,  |c 2013, c2013 
300 |a 105 p. 
336 |a texto  |b txt  |2 rdacontenido 
337 |a sin mediación  |b n  |2 rdamedio 
338 |a volumen  |b nc  |2 rdasoporte 
545 0 |a Hugo Gutiérrez Vega (1934), escritor y diplomático jalisciense, nacido en Guadalajara. Su trayectoria ha sido reconocida con diversas premiaciones y distinciones: Premio Nacional de Poesía Aguasacalientes (1976), Premio de Letras Jalisco (1994), Premio Nacional de Periodismo en Difusión Cultural (1999), Premio Iberoamericano de Poesía Ramón López Velarde (2001), Doctorado Honoris Causa por la Universidad Autónoma Metropolitana (2011) y miembro de número de la Academia Mexicana de la Lengua (2011). Su prosa expresa las circunstancias significativas de su vida cotidiana, describen los paisajes y lugares por él transitados. Entre sus obras de poesía ha publicado Buscando amor (1965), Desde Inglaterra (1971), Samarcanda y otros poemas (1972), Resistencia de particulares (1974), Cuando el placer termine (1975), Las peregrinaciones del deseo (1987), Antología con dudas (2007); en ensayo: Información y sociedad (1974), Luis Buñuel, obsesiones de un espectador (1983), El erotismo y la muerte (1987), Lecturas, navegaciones y naufragios (1999), entre otros. 
649 |a XX 
650 |a Poesía Jalisciense 
650 |a Poesía Mexicana 
650 |a Literatura Jalisciense -  |y Siglo XX 
650 |a Literatura Mexicana -  |y Siglo XX 
700 |a Campos, Marco Antonio  |e (introducción) 
910 |a Fondo General 
920 |a Impresos - Libros 
930 |a Colección General 
940 |a Literatura 
905 |a 101 
901 |a 0500259273  |b IT1  |c LIT  |i C149508  |u 20250521 
902 |a https://opac.biblio.iteso.mx/vufind/Record/000365390